00805cam a2200217 i 4500999001500000001000500015003000900020005001700029008004100046040002800087082001900115245008900134260007800223300002400301504004100325651005100366700001700417700002400434942001200458952011700470 c6412d64122592BD-DhUAP20201230162023.0201230s1977 bg b 100 0 eng  aDLCcDLCdBD-DhUAPbeng00a954.92 REF22310aReflections on the Bengal renaissance /cedited by David Kopf and Safiuddin Joarder. aRajshahi :bInstitute of Bangladesh Studies, Rajshahi University,cc1977. a190 pages ;c22 cm. aIncludes bibliographical references. 0aBengal (India)xIntellectual lifexCongresses.1 aKopf, David.1 aJoarder, Safiuddin. 2ddccBK 00102ddc4070aUAPCLbUAPCLcGeneral Stacksd2020-12-30o954.92 REFp3010002592r2020-12-30t1w2020-12-30yBK